| 000 | 00369nam a22001457a 4500 | ||
|---|---|---|---|
| 020 | _qPB. | ||
| 040 | _cFIZZA ISHAQ | ||
| 082 |
_a005.133 _bJUL |
||
| 100 |
_aFRANCESCHI, HERVE ANDERSON JULIE. _986970 |
||
| 245 |
_aJAVA / _cJULIE ANDERSON HERVE FRANCESCHI. |
||
| 250 | _a5th ED. | ||
| 260 |
_aNEW YORK LLC ; _bJONES, _c2019. |
||
| 300 | _a1203 P. ; | ||
| 942 |
_2ddc _cBK |
||
| 999 |
_c587441 _d587441 |
||